| 000 | 00482nam a2200169Ia 4500 | ||
|---|---|---|---|
| 003 | GCL | ||
| 008 | 140319s9999 xx 000 0 eng d | ||
| 040 |
_aGCL / _cGCL |
||
| 082 | 0 | 4 |
_a302.2301 _bS R |
| 100 | 1 | _aSCANNEL, PADDY | |
| 245 | 1 | 0 |
_aRADIO, TELEVISION AND MODERN LIFE: A PHENOMENAOGICAL APPROACH / _cSCANNEL, PADDY |
| 260 |
_a[S.N] : _bBLACK WELL ، _c1996 |
||
| 300 | _a192 P | ||
| 650 | 0 | 4 | _aBROADCASTING - HISTORY |
| 650 | 0 | 4 | _aMASS MEDIA - PHILOSOPHY |
| 942 |
_2ddc _cBK |
||
| 999 |
_c15935 _d15935 |
||